| 000 | 00583nam a2200217Ia 4500 | ||
|---|---|---|---|
| 003 | 0100 | ||
| 008 | 130227s9999 xx 000 0 und d | ||
| 040 | _cARRUPELIB | ||
| 050 | _aHT855.A85 | ||
| 245 | 4 | _aThe Atlantic slave trade | |
| 245 | _beffects on economies, societies and peoples in Africa, the American and Europe | ||
| 260 | _aDurham | ||
| 260 | _bDuke University Press | ||
| 260 | _C1992 | ||
| 300 | _a410p. | ||
| 300 | _b 23 cm | ||
| 650 | _bNationalism | ||
| 650 | _cLIberalism | ||
| 700 | _aInikori, Joseph E. ; Engerman, Stanley L. (ed.) | ||
| 942 |
_2lcc _03 |
||
| 999 |
_c3326 _d3326 |
||